| 000 | 00506nam a22001697a 4500 | ||
|---|---|---|---|
| 003 | OSt | ||
| 005 | 20251215130221.0 | ||
| 008 | 251215b |||||||| |||| 00| 0 eng d | ||
| 020 | _a9780340655399 | ||
| 040 | _cOutspan Global University | ||
| 050 |
_aBF121 _b.G76 1998 |
||
| 100 |
_aRichard Gross & Rob McIlveen _eAuthors |
||
| 245 |
_aPsychology _bA New Introduction _cby Gross Richard & McIlveen Rob |
||
| 260 |
_aGreat Britain _bGreenGate Publishing Services _c1998 |
||
| 300 | _a818p | ||
| 942 |
_2lcc _cBK _n0 |
||
| 999 |
_c3447 _d3447 |
||